Statistics for Largest European Countries by Area or Population

Click here to take the quiz!

General Stats

  • This quiz has been taken 483 times
  • The average score is 13 of 13

Answer Stats

Area Population Country % Correct
3,972,400110,000,000Russia
100%
357,16882,175,700Germany
100%
65,112,000United Kingdom
100%
603,62842,850,000Ukraine
99%
551,69566,790,000France
99%
498,46846,812,000Spain
99%
301,31860,665,551Italy
98%
312,68538,672,000Poland
97%
449,964Sweden
97%
385,171Norway
96%
338,145Finland
95%
19,760,000Romania
91%
17,056,100Netherlands
89%

Score Distribution

Percentile by Number Answered

Percent of People with Each Score

Your Score History

You have not taken this quiz